Rosyjskie miasta w ich ojczystym języku - Statystyki

Ogólne statystyki
  • Ten quiz został rozwiązany 158 razy
  • Średni wynik to 14 z 20
Statystyki odpowiedzi
Miasta
po Rosyjsku
Miasta % Poprawnych
Омск Omsk
97%
Курск Kursk
93%
Москва Moskwa
93%
Санкт-Петербург Sankt Petersburg
92%
Ростов-на-Дону Rostów nad donem
91%
Калининград Kaliningrad
88%
Казань Kazań
88%
Саратов Saratów
87%
Смоленск Smoleńsk
87%
Астрахань Astrachań
86%
Саранск Sarańsk
85%
Сочи Soczi
85%
Волгоград Wołgograd
84%
Мурманск Murmańsk
83%
Тверь Twer
83%
Ярослав Jarosław
82%
Красноярск Krasnojarsk
82%
Самара Samara
82%
Иркутск Irkuck
81%
Пермь Perm
81%
Якутск Jakuck
80%
Севастополь Sewastopol
80%
Владивосток Władywostok
80%
Воронеж Woroneż
80%
Калуга Kaługa
78%
Кировск Kirow
78%
Воркута Workuta
75%
Оренбург Orenburg
74%
Екатеринбург Jekaterynburg
72%
Норильск Norylsk
72%
Краснодар Krasnodar
70%
Новосибирск Nowosybirsk
70%
Ижевск Iżewsk
69%
Брянск Briańsk
68%
Нижний Новгород Niżny Nowogród
67%
Вологда Wołogda
66%
Тамбов Tambow
65%
Челябинск Czelabińsk
64%
Ульяновск Uljanowsk
64%
Махачкала Machaczkała
63%
Ставрополь Stawropol
60%
Тула Tuła
58%
Липецк Lipieck
56%
Рязань Riazań
55%
Архангельск Archangielsk
54%
Стерлитамак Sterlitamak
53%
Пeнза Penza
51%
Чебоксары Czeboksary
49%
Череповец Czerepowiec
49%
Чита Czyta
49%
Харабовск Charabowsk
48%
Симферополь Symferopol
47%
Петрозаводск Pietrozawodsk
45%
Владимир Włodzimierz
44%
Нальчик Nalczyk
43%
Белгород Biełgorod
42%
Toльятти Toljatti
42%
Тюмень Tiumień
40%
Уфа Ufa
38%
Набережные Челны Nabierieżnyje Czełny
11%
Nie znaleziono quizów pasujących do podanych kryteriów
Rozkład punktacji
Procent ludzi z każdym wynikiem
Percentyl według liczby udzielonych odpowiedzi
Twoja historia wyników
Nie rozwiązałeś tego quizu